|
|
|
|
| LEADER |
01124nam a2200241 i 4500 |
| 001 |
10079091 |
| 003 |
upatras |
| 005 |
20210117202101.0 |
| 008 |
090916t1997 f gre d |
| 952 |
|
|
|0 0
|1 0
|2 ddc
|4 0
|6 889_380000000000000_ΠΕΓ
|7 0
|9 82374
|a LISP
|b LISP
|c BSC
|d 2016-04-24
|i 008424
|l 0
|o 889.38 ΠΕΓ
|p 025000179129
|r 2016-04-24 00:00:00
|t 1
|v 2016.00
|w 2016-04-24
|y BK15
|x Μεταφορά Τμήματος Φιλολογίας
|
| 952 |
|
|
|0 0
|1 0
|2 ddc
|4 0
|6 889_334000000000000_ΠΕΓ
|7 0
|9 240625
|a LISP
|b LISP
|c DON
|d 2020-05-13
|e ΓΑΛ
|i 143109
|l 0
|o 889.334 ΠΕΓ
|p 025000269385
|r 2020-05-13 00:00:00
|t 2
|v 2020.00
|w 2020-05-13
|y BKN
|
| 999 |
|
|
|c 54911
|d 54911
|
| 020 |
|
|
|a 9603252077
|
| 040 |
|
|
|a GR-PaULI
|c GR-PaULI
|b gre
|e AACR2
|
| 082 |
1 |
4 |
|a 889.38
|2 ΕΕΒ
|
| 082 |
0 |
4 |
|a 889.334
|2 23
|
| 100 |
1 |
|
|9 80017
|a Πέγκα, Έλενα,
|d 1964-
|e συγγραφέας
|
| 245 |
1 |
0 |
|a Σκουώς :
|b στιγμές αντρικές και γυναικείες /
|c Έλενα Πέγκα.
|
| 260 |
|
|
|a Αθήνα:
|b Άγρα,
|c c1997.
|
| 300 |
|
|
|a 88 σ.;
|c 17 εκ.
|
| 942 |
|
|
|2 ddc
|c BKN
|
| 998 |
|
|
|c ELIDOC
|d 2009-09
|
| 998 |
|
|
|c ΣΑΤΛΑΝΗΣ
|d 2020-05
|